000 01068nam a2200337 i 4500
003 EG-GICUC
005 20260507174032.0
008 260507s1902 fr ||||fr|||| 00| 0 fre d
040 _aEG-GiCUC
_bfre
_cEG-GiCUC
_dEG-GiCUC
_eRda
041 _afre
_hita
082 0 4 _221
_a345.122
_bOR.P
092 0 4 _221
099 _aLaw1 07 345.122 OR.P 1902
100 1 _aOrlando , V. E.
_eAuteur
245 _aPrincipes De Droit Public Et Constitutionnel /
_c V. E. Orlando .
264 _aParis :
_bALBERT FONTEMOING ,
_c1902 .
300 _a498 page ;
_c 24 cm.
336 _2rda contenu
_a texte
337 _2rda medias
_aOrdinateur
338 _2 transporteur rda
_a Ressource en ligne
490 _aMANUELS ÉLÉMENTAIRES
546 _aTexte en français
650 1 _aDroit administratif
650 1 _aLe droit administratif n'est pas spécifié
651 1 _2qrmak
700 1 _aSABOUYSSY
_eTraducteur
700 1 _aA. MESTRE
_eContributeur
856 4 0 _uhttps://fll.law.cu.edu.eg/fulltext/bks/B07-05736.pdf
905 _a60
942 _2ddc
_cBK
_e21
_n0
999 _c76206
_d76206